World Cities by Letter D - Picture Quiz - Statistics

General Stats
  • This quiz has been taken 188 times
  • The average score is 8 of 18
Answer Stats
Picture Answer % Correct
Dubai
97%
Dallas
84%
Dubrovnik
74%
Dover
63%
Dublin
53%
Delhi
47%
Detroit
45%
Doha
44%
Damascus
43%
Dakar
39%
Dhaka
38%
Dijon
35%
Dusseldorf
26%
Dar es Salaam
21%
Durban
18%
Dalian
13%
Denpasar
13%
Darwin
10%
No matching quizzes found
Score Distribution
Percent of People with Each Score
Percentile by Number Answered
Your Score History
You have not taken this quiz